Ngữ pháp Tiếng Việt

NV Ngữ pháp tiếng Việt

Saved in:
Bibliographic Details
Main Author: Nguyễn, Tài Cẩn
Format: Book
Language:Undetermined
Published: H. Đại học Quốc gia Hà Nội 2004
Subjects:
Online Access:http://lrc.tdmu.edu.vn/opac/search/detail.asp?aID=2&ID=7459
Tags: Add Tag
No Tags, Be the first to tag this record!
Institutions: Trung tâm Học liệu Trường Đại học Thủ Dầu Một
LEADER 00671nam a2200205Ia 4500
001 TDMU_7459
008 210410s9999 xx 000 0 und d
082 |a 495.9225 
090 |b NG527 
100 |a Nguyễn, Tài Cẩn 
245 0 |a Ngữ pháp Tiếng Việt 
245 0 |c Nguyễn Tài Cẩn 
260 |a H. 
260 |b Đại học Quốc gia Hà Nội 
260 |c 2004 
300 |a 397 tr. 
520 |a NV Ngữ pháp tiếng Việt 
650 |a Tiếng Việt  |v Ngữ pháp 
856 |u http://lrc.tdmu.edu.vn/opac/search/detail.asp?aID=2&ID=7459 
980 |a Trung tâm Học liệu Trường Đại học Thủ Dầu Một